Komparace využívaných analýz při zpracování marketingového auditu

Pojem marketingový audit. Charakteristika a ciele marketingového auditu. Oblasti marketingového auditu.

Enregistré dans:
Détails bibliographiques
Auteur principal: Píchová, Romana
Autres auteurs: Polanecký, Lukáš
Format: Chapitre de livre
Langue:tchèque
Sujets:
Tags: Ajouter un tag
Pas de tags, Soyez le premier à ajouter un tag!

MARC

LEADER 00000naa a2200000 4500
001 0229921
005 20220714120620.4
041 0 |a cze 
044 |a CZ 
245 1 0 |a Komparace využívaných analýz při zpracování marketingového auditu  |c Romana Píchová, Lukáš Polanecký 
520 |a Pojem marketingový audit. Charakteristika a ciele marketingového auditu. Oblasti marketingového auditu. 
610 2 0 |a audit 
610 2 0 |a marketing 
610 2 0 |a podnik 
610 2 0 |a analýza komparatívna 
610 2 0 |a dotazníky 
610 2 0 |a výskum marketingový 
100 1 |a Píchová, Romana 
700 1 |a Polanecký, Lukáš